Studi storici e morali sulla letteratura latina / (Record no. 166989)

MARC details
000 -LEADER
campo de control de longitud fija 00660nam a22002055i 4500
001 - NÚMERO DE CONTROL
campo de control 166989
003 - IDENTIFICADOR DE NÚMERO DE CONTROL
campo de control ES-MaACL
005 - FECHA Y HORA DE LA ÚLTIMA TRANSACCIÓN
campo de control 20250801100037.0
008 - DATOS DE LONGITUD FIJA--INFORMACIÓN GENERAL
campo de control de longitud fija 050922s1871 it | |||||||| ||ita d
040 ## - FUENTE DE CATALOGACIÓN
Centro catalogador/agencia de origen CAM
Lengua de catalogación spa
Centro/agencia transcriptor CAM
100 1# - ENTRADA PRINCIPAL--NOMBRE DE PERSONA
Nombre de persona Vannucci, Atto.
9 (RLIN) 133548
245 10 - MENCIÓN DEL TÍTULO
Título Studi storici e morali sulla letteratura latina /
Mención de responsabilidad, etc. di Atto Vannucci.
250 ## - MENCION DE EDICION
Mención de edición 3º ed. con molte corr. ed agg.
260 ## - PUBLICACIÓN, DISTRIBUCIÓN, ETC.
Lugar de publicación, distribución, etc. Torino [etc.] :
Nombre del editor, distribuidor, etc. Ermanno Loescher,
Fecha de publicación, distribución, etc. 1871 (
Fabricante Tip. V. Bona)
300 ## - DESCRIPCIÓN FÍSICA
Extensión IV, 650 p. ;
Dimensiones 20 cm.
650 #7 - PUNTO DE ACCESO ADICIONAL DE MATERIA--TÉRMINO DE MATERIA
Término de materia o nombre geográfico como elemento de entrada Literatura latina
Fuente del encabezamiento o término embne
9 (RLIN) 14632
752 ## - ENTRADA AGREGADA--NOMBRE JERÁRQUICO DEL LUGAR
País o entidad superior Italia -
Ciudad Turín
852 ## - LOCALIZACIÓN
Ubicación ES-MaACL
Número de control de estantería B-2569
Nota libre -- Enc. hol.
Holdings
Estatus retirado Estado de pérdida Estado de daño No para préstamo Colección Biblioteca de origen Biblioteca actual Ubicación en estantería Fecha de adquisición Fuente de adquisición Total de préstamos Signatura topográfica completa Código de barras Visto por última vez Precio de reemplazo Tipo de ítem Koha
        Libros del s. XIX Biblioteca del Ateneo de Madrid Biblioteca del Ateneo de Madrid Sala Pardo Bazán 17/01/2008     B-2569 1175170 23/02/2023 23/02/2023 Libro impreso antiguo